A história do leite (Record no. 141648)
[ view plain ]
| 000 -LÍDER | |
|---|---|
| campo de controle de tamanho fixo | 00556 a2200169 4500 |
| 001 - NÚMERO DE CONTROLE | |
| campo de controle | 141648 |
| 040 ## - FONTE DA CATALOGAÇÃO | |
| Instituição que transcreveu o registro | Leonardo Da Vinci |
| 041 ## - CÓDIGO DE IDIOMA | |
| Código do idioma do texto/trilha sonora ou título diferente | Português |
| 082 ## - CDD - CLASSIFICAÇÃO DECIMAL DE DEWEY | |
| Número de Classificação | 637.9 A865h |
| Número do exemplar | A865h |
| 100 ## - ENTRADA PRINCIPAL--NOME PESSOAL | |
| Nome pessoal | ASSIS, Célia (Coord.) |
| 245 ## - TÍTULO | |
| Título | A história do leite |
| 260 ## - PUBLICAÇÃO, DISTRIBUIÇÃO, ETC. | |
| Nome do editor, distribuidor, etc. | Prêmio |
| Data da publicação, distribuição, etc. | 1997 |
| Local de publicação, distribuição, etc. | São Paulo |
| 300 ## - DESCRIÇÃO FÍSICA | |
| Extensão | 111 |
| 362 ## - DATAS DE PUBLICAÇÃO E/OU DESIGNAÇÃO SEQUENCIAL | |
| Datas de publicação e/ou designação sequencial | 19970000 |
| 697 ## - ENTRADA DE ASSUNTO LOCAL--ENTIDADE COLETIVA (RLIN) | |
| Nome corporativo ou nome da jurisdição | História do leite |
| -- | Laticínio |
| -- | Indústria |
| -- | Evolução |
| -- | Leite pasteurizado |
| -- | Leite esterilizado |
| -- | Coalhada |
| -- | Iogurte |
| -- | Bebida láctea |
| -- | Queijo |
| -- | Creme de leite |
| -- | Chantilly |
| -- | Manteiga |
| -- | Alimentos |
| 942 ## - ELEMENTOS DE ENTRADA ADICIONADOS (KOHA) | |
| Tipo de material Koha | Livros |
| Situação do descarte | Situação das perdas | Situação física | Não pode ser emprestado | Biblioteca de origem | Biblioteca atual | Data de aquisição | Total de empréstimos | Número de chamada completo | Código de barras | Data de último acesso | Data do preço efetivo | Tipo de material Koha |
|---|---|---|---|---|---|---|---|---|---|---|---|---|
| Leonardo Da Vinci - Osasco | Leonardo Da Vinci - Osasco | 27/03/2024 | 637.9 A865h | O007003 | 27/03/2024 | 27/03/2024 | Livros |